000 00260nam a22001217a 4500
008 260211b ||||| |||| 00| 0 eng d
041 _aeng
080 _a002
100 _a20
101 _aital
245 _aUndici Racconti
_cMarco Dominici
942 _2lcc
_cBK
999 _c60769
_d60769